| 000 | 00380nam a2200145Ia 4500 | ||
|---|---|---|---|
| 008 | 230917s9999||||xx |||||||||||||| ||und|| | ||
| 040 |
_e200554 _aMAIN |
||
| 041 | _aEnglish | ||
| 082 | _a616.0756 V558T | ||
| 100 | _aVenkatesan, P | ||
| 245 | 0 | _aTaxtbook of biomedical laboratory techniques | |
| 260 |
_aNew Delhi _bAtlantic Publishers _c2011 |
||
| 300 | _a164 p. | ||
| 942 | _cBK | ||
| 999 |
_c163300 _d163300 |
||